| 000 | 00607nam a2200181 i 4500 | ||
|---|---|---|---|
| 001 | 51084 | ||
| 003 | ES-MaACL | ||
| 005 | 20230906162309.0 | ||
| 007 | t| | ||
| 008 | 030808s1934 sp ||||1| spa d | ||
| 245 | 0 | 0 |
_aCursos especiales de estudios económicos políticos y administrativos _b: 1934-35. |
| 260 |
_aMadrid : _b[s.n., _c1934] ( _fTip. de Archivos) |
||
| 300 |
_a30 p. ; _c17 cm. |
||
| 500 | _aPrecede al tít.: Universidad Central. Facultad de Derecho. | ||
| 710 | 2 |
_aUniversidad Central (Madrid). _bFacultad de Derecho. _97090 |
|
| 852 |
_aES-MaACL _j1788-F-2 |
||
| 852 |
_aES-MaACL _j1791-F-8 |
||
| 999 |
_c51084 _d51084 |
||